Rural credits system for the United States,
Saved in:
| 主要作者: | |
|---|---|
| 格式: | 图书 |
| 语言: | English |
| 出版: |
New York,
Orange Judd publishing company,
1922.
|
| 丛编: | Harvard social history/business preservation microfilm project.
20220. Harvard social history/business preservation microfilm project. 20220. |
| 主题: | |
| 标签: |
添加标签
没有标签, 成为第一个标记此记录!
|
| LEADER | 00963nam a2200217 4500 | ||
|---|---|---|---|
| 001 | 002631663-3 | ||
| 005 | 20120522191800.0 | ||
| 008 | 761018s1922 xx 000 0 eng | ||
| 010 | |a 22019226 | ||
| 035 | 0 | |a ocm02510858 | |
| 040 | |a DLC |c OHI |d HBS | ||
| 050 | 0 | |a HG2051.U5 |b M93 | |
| 100 | 1 | |a Myrick, Herbert, |d 1860- | |
| 245 | 1 | 0 | |a Rural credits system for the United States, |c prepared at the request of the Rural credits committee of the farm bloc of the United States Senate, by Herbert Myrick ... including full text for proposed federal rural credits act. |
| 260 | |a New York, |b Orange Judd publishing company, |c 1922. | ||
| 300 | |a 240 p. |b illus. (maps) port. |c 19 cm. | ||
| 650 | 0 | |a Agricultural credit |z United States. | |
| 830 | 0 | |a Harvard social history/business preservation microfilm project. |n Project 2a ; |v 20220. |5 mmf | |
| 830 | 0 | |a Harvard social history/business preservation microfilm project. |n Project 2a ; |v 20220. |5 mmf | |
| 988 | |a 20020608 | ||
| 906 | |0 DLC | ||


